000 00426cam a22001331 4500
082 _a942.06
_bSPE
_cD
100 1 _aSpender, John A.
_949373
245 1 0 _aGreat Britain:
_bempire and commonwealth, 1886-1935,
_cby J. A. Spender.
260 _aLondon,
_bCassell and company, limited
_c[1936]
300 _axxv, 906 p.
_billus. (maps)
_c22 cm.
526 _a0
_b0
_c0
_d942_060000000000000_SPE
650 _aMCE
_9379
942 _2ddc
_cBK
999 _c552782
_d552782